Statistics for Largest Country not Bordering previously listed ones

Click here to take the quiz!

General Stats

  • This quiz has been taken 49 times
  • The average score is 18 of 44

Answer Stats

POSN COUNTRY % Correct
1Rus{sia}
100%
2Can{ada}
100%
4Ind{ia}
97%
3Bra{zil}
97%
6Dem{ocratic Republic of the Congo}
97%
8Mex{ico}
97%
7Sau{di Arabia}
97%
5Alg{eria}
97%
10Sud{an}
97%
9Ind{onesia}
97%
11Iran
51%
12South Africa
51%
20Germany
41%
14Chile
41%
18Sweden
38%
13Nigeria
36%
17Spain
36%
23Italy
36%
19Uzbekistan
31%
16Thailand
31%
15Somalia
28%
39Dominican Republic
26%
30Nicaragua
26%
24Ecuador
23%
25Gabon
23%
28Syria
23%
33Panama
23%
26Romania
21%
35Ireland
21%
29Greece
21%
44Monaco
18%
32South Korea
18%
31Malawi
18%
22Côte d'Ivoire
18%
27Senegal
18%
21Vietnam
18%
36Togo
15%
38Slovakia
15%
34Sierra Leone
13%
37Croatia
13%
43Liechtenstein
13%
41Kosovo
10%
42Brunei
10%
40El Salvador
8%

Score Distribution

Percentile by Number Answered

Percent of People with Each Score

Your Score History

You have not taken this quiz